|
|
|
|
| LEADER |
00000nab a2200000 a 4500 |
| 001 |
vtls000215299 |
| 003 |
SK-MaSNL |
| 005 |
20260304013419.0 |
| 008 |
111130c1985 xo 0 slo |
| 015 |
|
|
|a SNBRB19rr/mm-uuuuu
|
| 035 |
|
|
|a CL0225413
|
| 040 |
|
|
|a SNKBUCL
|b slo
|c SNKBUCL
|e AACR2
|
| 041 |
0 |
|
|a slo
|
| 044 |
|
|
|a xo
|c SK
|
| 080 |
|
|
|a 78(437.6)
|2 1981
|
| 100 |
1 |
|
|a Burlas, Ladislav,
|d 1927-2024
|4 aut
|9 105517
|
| 245 |
1 |
0 |
|a Zázemie a perspektívy hudby
|b Zhovárame sa s doc. PhDr. Ladislavom Burlasom
|c Ladislav Burlas, Pavol Fellegi
|
| 300 |
|
|
|b Obr. 2.
|
| 650 |
0 |
7 |
|a hudba slovenská
|2 snkbucl
|9 426131
|
| 650 |
0 |
7 |
|a hudobná kultúra
|2 snkbucl
|9 58402
|
| 655 |
|
7 |
|a články z novín a časopisov
|2 snkbucl
|9 267496
|
| 700 |
1 |
|
|a Fellegi, Pavol
|4 aut
|9 301122
|
| 773 |
0 |
|
|t Smena na nedeľu
|g Roč. 20, č. 17 (1985), s. 8
|
| 850 |
|
|
|a Slovenská národná knižnica v Martine
|a MTA001
|
| 852 |
|
|
|a SNK
|b KIS3GCP
|
| 958 |
|
|
|a RK
|
| 992 |
|
|
|a RBX
|
| 999 |
|
|
|c 2575721
|d 2577651
|